Normal view
MARC view
Entry Personal Name
001 - CONTROL NUMBER
- control field: 395
003 - CONTROL NUMBER IDENTIFIER
- control field: BD-RjUL
005 - DATE AND TIME OF LATEST TRANSACTION
- control field: 20211228112627.0
008 - FIXED-LENGTH DATA ELEMENTS
- fixed length control field: 211228|| aca||aabn | a|a d
040 ## - CATALOGING SOURCE
- Original cataloging agency: BD-RjUL
- Transcribing agency: BD-RjUL
100 ## - HEADING--PERSONAL NAME
- Personal name: مترجم وحيد الزمان
670 ## - SOURCE DATA FOUND
- Source citation: Work cat.: (BD-RjUL)79077: .Abū Dāʼūd Sulaymān ibn al-Ashʻath al-Sijistānī, 817 or 818-889. 250714, سنن أبي داود ;; Sunan Abī Dāwūd / 817-889, 196?